THE RAPE OF THE LOCK (Record no. 16475)
[ view plain ]
| 000 -LEADER | |
|---|---|
| fixed length control field | 00476cam a2200193ua 4500 |
| 008 - FIXED-LENGTH DATA ELEMENTS--GENERAL INFORMATION | |
| fixed length control field | 161003n2005 II |||gr||||Z||||||eng |
| 020 ## - INTERNATIONAL STANDARD BOOK NUMBER | |
| International Standard Book Number | 9780195606935 |
| 040 ## - CATALOGING SOURCE | |
| Original cataloging agency | MAIN |
| 041 ## - LANGUAGE CODE | |
| -- | English |
| 082 ## - DEWEY DECIMAL CLASSIFICATION NUMBER | |
| Classification number | 823 POP |
| 100 ## - MAIN ENTRY--PERSONAL NAME | |
| Personal name | POPE, ALEXENDER. |
| 245 ## - TITLE STATEMENT | |
| Title | THE RAPE OF THE LOCK |
| 260 ## - PUBLICATION, DISTRIBUTION, ETC. | |
| Place of publication, distribution, etc. | NEW DELHI: |
| Name of publisher, distributor, etc. | OXFORD UNIVERSITY PRESS, |
| Date of publication, distribution, etc. | 2004. |
| 300 ## - PHYSICAL DESCRIPTION | |
| Extent | 148: |
| Dimensions | 20CM. |
| 700 ## - ADDED ENTRY--PERSONAL NAME | |
| Personal name | POPE, ALEXENDER., |
| Relator term | AUTHOR., |
| 942 ## - ADDED ENTRY ELEMENTS (KOHA) | |
| Koha item type | Books |
| 653 ## - INDEX TERM--UNCONTROLLED | |
| Uncontrolled term | English fiction |
| Withdrawn status | Lost status | Damaged status | Not for loan | Collection code | Home library | Current library | Shelving location | Date acquired | Total Checkouts | Full call number | Barcode | Date last seen | Date last checked out | Copy number | Price effective from | Koha item type | Public note |
|---|---|---|---|---|---|---|---|---|---|---|---|---|---|---|---|---|---|
| Fiction | Central Library and Information Centre Sibsagar Girls College | Central Library and Information Centre Sibsagar Girls College | ENGLISH BOOK RACK | 27.02.2020 | 4 | 823 POP | 20889 | 17.08.2024 | 01.08.2024 | 1 | 27.02.2020 | Books | V | ||||
| REFENG | Central Library and Information Centre Sibsagar Girls College | Central Library and Information Centre Sibsagar Girls College | ENGLISH REFERENCE RACK | 27.02.2020 | 823 POP | 20890 | 27.02.2020 | 2 | 27.02.2020 | Books | V | ||||||
| Fiction | Central Library and Information Centre Sibsagar Girls College | Central Library and Information Centre Sibsagar Girls College | English Rack | 27.02.2020 | 823 POP | 20891 | 27.02.2020 | 3 | 27.02.2020 | Books | |||||||
| Fiction | Central Library and Information Centre Sibsagar Girls College | Central Library and Information Centre Sibsagar Girls College | ENGLISH BOOK RACK | 27.02.2020 | 1 | 823 POP | 20892 | 24.08.2023 | 09.08.2023 | 4 | 27.02.2020 | Books | V | ||||
| TBENG | Central Library and Information Centre Sibsagar Girls College | Central Library and Information Centre Sibsagar Girls College | ENGLISH BOOK RACK | 27.02.2020 | 2 | 823 POP | 20893 | 27.06.2024 | 22.06.2024 | 5 | 27.02.2020 | Books | V |